| 000 | 00759nam a2200229 a 4500 | ||
|---|---|---|---|
| 005 | 20220606085237.0 | ||
| 008 | 180802s2017 mx r 000 0 spa d | ||
| 020 | _a9786076301296 | ||
| 020 | _a9786079475727 | ||
| 035 | _aUPN01000225964 | ||
| 049 | _aCG | ||
| 050 | 4 |
_aF1232 O8 _bM3.7 |
|
| 245 | 0 | 0 |
_aMariano Otero : _ba doscientos años / _ccoord. Ana Rosa Suárez Argüello. |
| 260 |
_aMéxico : _bSuprema Corte de Justicia de la Nación : _bInstituto Mora, _c2017. |
||
| 300 |
_a101 p. : _bil. col. |
||
| 600 | 1 | 4 |
_aOTERO, MARIANO, _d1817-1950 _927561 |
| 650 | 2 |
_aEstadistas mexicanos _vBiografía _923078 |
|
| 651 | 2 |
_aMéxico _xHistoria _y1821-1861 _94624 |
|
| 700 | 1 |
_aSuárez Argüello, Ana Rosa, _ecoord. _938117 |
|
| 905 | _aLibro | ||
| 999 |
_c198060 _d198060 |
||